Normal view
MARC view
- Knight, Phil
Entry Personal Name
001 - CONTROL NUMBER
- control field: 216267
003 - CONTROL NUMBER IDENTIFIER
- control field: OSt
005 - DATE AND TIME OF LATEST TRANSACTION
- control field: 20260109122815.0
008 - FIXED-LENGTH DATA ELEMENTS
- fixed length control field: 260109|| aca||aabn | a|a d
040 ## - CATALOGING SOURCE
- Original cataloging agency: OSt
- Transcribing agency: OSt
100 ## - HEADING--PERSONAL NAME
- Personal name: Knight, Phil
670 ## - SOURCE DATA FOUND
- Source citation: Work cat.: (OSt)369813: Knight, Phil, Shoe Dog : A Memoir by the Creator of Nike, 2016